000 00741nam a2200205Ia 4500
005 20251020182527.0
008 200515s9999 xx 000 0 und d
082 _a693.238.06/C74
100 _aCONCHA BUSTAMANTE, Oscar
245 0 _aDiseño sismo resistente construcciones de adobe
260 _aLima
260 _cs.a.
500 _a1 ejemplar
520 _aSegunda fase del proyecto COBE, que esta en ejecución, se está tratando de lograr construcciones de un piso, más económicas que las que resultaron de la primera fase del estudio y de determinar las condiciones bajo las cuales podría construirse una vivien
650 _aADOBE
650 _aCOBE
650 _aDISEÑO SISMORESISTENTE
650 _aLIB
942 _cLIB
999 _c1934
_d1934